Statistics for Leaders of the Liberal Democrats

Click here to take the quiz!

General Stats

  • This quiz has been taken 59 times
  • The average score is 13 of 27

Answer Stats

TenureName% Correct
2007-2015Nick Clegg
89%
2015-2017Tim Farron
82%
1988-1999Paddy Ashdown
75%
2007 | 2017-presentVince Cable
75%
1999-2006Charles Kennedy
71%
1924-1931David Lloyd George
71%
2006-2007Menzies Campbell
68%
1908-1918 | 1920-1924H. H. Asquith
64%
1976-1988David Steel
61%
1868-1875 | 1880-1894William Ewart Gladstone
57%
1967-1976Jeremy Thorpe
57%
1956-1967 | 1976Jo Grimond
39%
1898-1908Sir Henry Campbell-Bannerman
32%
1945-1956Clement Davies
29%
1988Bob Maclennan
29%
1894-1896Archibald Primrose
25%
1865-1868John Russell
25%
1859-1865Henry John Temple
21%
1931-1935Sir Herbert Samuel
14%
1918-1920Sir Donald Maclean
11%
1875-1880Spencer Cavendish
11%
1935-1945Sir Archibald Sinclair
7%
1896-1898William Harcourt
4%

Score Distribution

Percentile by Number Answered

Percent of People with Each Score

Your Score History

You have not taken this quiz